| 000 | 01840cam a22004574i 4500 | ||
|---|---|---|---|
| 003 | PE-LiUPU | ||
| 005 | 20250731172743.0 | ||
| 008 | 150617s1976 ag r 000 0 spa d | ||
| 035 | _a(Sirsi) a12149 | ||
| 040 |
_aPE-LiUPU _bspa _cPE-LiUPU _erda |
||
| 049 | _aPRUA | ||
| 082 | 0 | 4 |
_a220.6 _bR53 _221 |
| 100 | 1 |
_aRicoeur, Paul, _eautor. |
|
| 245 | 1 | 0 |
_aIntroducción a la Simbólica del mal / _cPaul Ricoeur. |
| 264 | 1 |
_aBuenos Aires : _bEdiciones Megápolis, _c1976. |
|
| 300 |
_a244 páginas ; _c19 centímetros. |
||
| 336 |
_atext _2rdacontent |
||
| 337 |
_aunmediated _2rdamedia |
||
| 338 |
_avolume _2rdacarrier |
||
| 490 | 0 | _aEl conflicto de las interpretaciones | |
| 505 | 0 | _aEl "pecado original": estudio de significación -- Hermenéutica de los símbolos y reflexión filosófica(I) -- Hermenéuitica de los símbolos y reflexión filosófica(II) -- Demitologizar la acusación -- Prefacio a Bultmann -- La libertad según la esperanza -- Culpabilidad, ética y religión -- Religión, ateísmo, fe -- La paternidad: del fantasma al símbolo. | |
| 526 | _aSEG42 | ||
| 526 | _aSEG41 | ||
| 526 | _aSEG40 | ||
| 526 | _aSEG39 | ||
| 526 | _aP94 | ||
| 526 | _aP87 | ||
| 526 | _aP86 | ||
| 526 | _aP85 | ||
| 526 | _aP77 | ||
| 526 | _aP76 | ||
| 526 | _aP35 | ||
| 650 | 0 | 4 | _aPecado original. |
| 910 |
_ajck _bjvq _cjck _d20150616 |
||
| 942 |
_2ddc _cBOOK |
||
| 949 |
_a220.6 R53 _wDEWEY _c1 _i28945 _lCCODEBUL1 _mBUL _p00.00 _r0 _sY _tBOOK _u2015-04-21 _xTEOLOGIA _PP35 _0COMPRA _o.STAFF. Colección general |
||
| 994 |
_aC0 _bPEPRU |
||
| 596 | _a1 | ||
| 999 |
_a220.6 R53 _wDEWEY _c2375 _i28945 _d2375 _e2015-10-15 _f2021-11-11 _g5 _lCCODEBUL1 _mBUL _n2 _p24.95 _r0 _sY _tBOOK _u2015-4-21 _xTEOLOGIA _PP35 _0COMPRA _o.STAFF. Colección Teología |
||
| 980 |
_81 _gALBERTO SANCHEZ Responsable de Automatización |
||